Statistics for NFL Starting Kickers

Click here to take the quiz!

General Stats

  • This quiz has been taken 33 times
  • The average score is 6 of 31

Answer Stats

TeamKicker% Correct
BaltimoreJustin Tucker
71%
DetroitMatt Prater
61%
KCHarrison Butker
57%
PhileadelpiaJake Elliot
43%
Green BayMason Crosby
39%
Tampa BayMatt Gay
39%
San FransiscoRobbie Gould
39%
AtlantaYounghoe Koo
39%
PitsburghChris Boswell
36%
DenverBrandon McManus
29%
New EnglandNick Folk
29%
SeattleJason Myers
25%
NY GiantsAldrick Rosas
21%
JacksonvilleJosh Lambo
21%
HoustonKa'imi Fairbairn
21%
WashingtonDustin Hopkins
18%
CinncinatiRandy Bullock
18%
LA ChargersTy Long
14%
ClevelandAustin Seibert
11%
DallasKai Forbath
4%
NY JetsSam Ficken
4%
BuffaloStephen Haushka
4%
IndianapolisAdam Venitari
0%
MinnesotaDan Baeily
0%
OaklandDaniel Carelson
0%
ChicagoEddy Pinerio
0%
LA RamsGreg Zurlein
0%
MiamiJason Saunders
0%
CarolinaMicheal Palarday
0%
TennesseeRyan Sucop
0%
ArizonaZane Gonzalaz
0%

Score Distribution

Percentile by Number Answered

Percent of People with Each Score

Your Score History

You have not taken this quiz